<?xml version="1.0" encoding="UTF-8"?>
<record
    xmlns:xsi="http://www.w3.org/2001/XMLSchema-instance"
    xsi:schemaLocation="http://www.loc.gov/MARC21/slim http://www.loc.gov/standards/marcxml/schema/MARC21slim.xsd"
    xmlns="http://www.loc.gov/MARC21/slim">

  <leader>00525cam a2200169 a 4500</leader>
  <datafield tag="020" ind1=" " ind2=" ">
    <subfield code="a">9781562865481</subfield>
    <subfield code="c">TZs 85641/=</subfield>
  </datafield>
  <datafield tag="040" ind1=" " ind2=" ">
    <subfield code="a">MUL</subfield>
    <subfield code="b">eng.</subfield>
    <subfield code="e">AACR</subfield>
  </datafield>
  <datafield tag="082" ind1=" " ind2=" ">
    <subfield code="a">658.4038 ATW</subfield>
  </datafield>
  <datafield tag="100" ind1="1" ind2=" ">
    <subfield code="a">Atwood, Christee Gabour.</subfield>
  </datafield>
  <datafield tag="245" ind1="1" ind2="0">
    <subfield code="a">Knowledge Management basics /</subfield>
    <subfield code="c">Christee Gabour Atwood.</subfield>
  </datafield>
  <datafield tag="260" ind1=" " ind2=" ">
    <subfield code="a">Alexandria, Va. :</subfield>
    <subfield code="b">ASTD Press,</subfield>
    <subfield code="c">c2009.</subfield>
  </datafield>
  <datafield tag="300" ind1=" " ind2=" ">
    <subfield code="a">xiii, 130 p. :</subfield>
    <subfield code="b">ill. ;</subfield>
    <subfield code="c">24 cm.</subfield>
  </datafield>
  <datafield tag="504" ind1=" " ind2=" ">
    <subfield code="a">Includes bibliographical references (p. 121-123) and index.</subfield>
  </datafield>
  <datafield tag="546" ind1=" " ind2=" ">
    <subfield code="a">eng.</subfield>
  </datafield>
  <datafield tag="650" ind1=" " ind2="0">
    <subfield code="a">Knowledge management.</subfield>
  </datafield>
  <datafield tag="942" ind1=" " ind2=" ">
    <subfield code="c">BK</subfield>
  </datafield>
  <datafield tag="999" ind1=" " ind2=" ">
    <subfield code="c">5388</subfield>
    <subfield code="d">5388</subfield>
  </datafield>
  <datafield tag="952" ind1=" " ind2=" ">
    <subfield code="0">0</subfield>
    <subfield code="1">0</subfield>
    <subfield code="4">0</subfield>
    <subfield code="7">0</subfield>
    <subfield code="a">MU0001</subfield>
    <subfield code="b">MU0001</subfield>
    <subfield code="d">2017-08-30</subfield>
    <subfield code="e">MAK Solution LTD</subfield>
    <subfield code="l">0</subfield>
    <subfield code="o">658.4038 ATW</subfield>
    <subfield code="p">0081606</subfield>
    <subfield code="r">2022-12-01 00:00:00</subfield>
    <subfield code="t">1</subfield>
    <subfield code="w">2022-12-01</subfield>
    <subfield code="y">BK</subfield>
  </datafield>
  <datafield tag="952" ind1=" " ind2=" ">
    <subfield code="0">0</subfield>
    <subfield code="1">0</subfield>
    <subfield code="4">0</subfield>
    <subfield code="7">0</subfield>
    <subfield code="a">MU0001</subfield>
    <subfield code="b">MU0001</subfield>
    <subfield code="d">2017-08-30</subfield>
    <subfield code="e">MAK Solution LTD</subfield>
    <subfield code="l">0</subfield>
    <subfield code="o">658.4038 ATW</subfield>
    <subfield code="p">0081605</subfield>
    <subfield code="r">2022-12-01 00:00:00</subfield>
    <subfield code="t">2</subfield>
    <subfield code="w">2022-12-01</subfield>
    <subfield code="y">BK</subfield>
  </datafield>
  <datafield tag="952" ind1=" " ind2=" ">
    <subfield code="0">0</subfield>
    <subfield code="1">0</subfield>
    <subfield code="4">0</subfield>
    <subfield code="7">0</subfield>
    <subfield code="a">MU0001</subfield>
    <subfield code="b">MU0001</subfield>
    <subfield code="d">2017-08-30</subfield>
    <subfield code="e">MAK Solution LTD</subfield>
    <subfield code="l">0</subfield>
    <subfield code="o">658.4038 ATW</subfield>
    <subfield code="p">0081604</subfield>
    <subfield code="r">2023-02-14 00:00:00</subfield>
    <subfield code="t">3</subfield>
    <subfield code="w">2022-12-01</subfield>
    <subfield code="y">BK</subfield>
  </datafield>
</record>
